| Tag |
First Indicator |
Second Indicator |
Subfields |
| LEADER |
00000cam a2200000 4500 |
| 001 |
in00000487548 |
| 005 |
20151013054010.0 |
| 008 |
730227r19681964nyua b 00000 ger |
| 010 |
|
|
|a 68057117
|
| 035 |
|
|
|a (OCoLC)00565693
|
| 035 |
|
|
|9 ACC1141AM
|
| 040 |
|
|
|c OBE
|d TXA
|d UtOrBLW
|
| 049 |
|
|
|a TXAM
|c [1392948]
|
| 050 |
0 |
0 |
|a NE625
|b .V5
|
| 090 |
|
|
|a NE625
|b .V5 1968
|
| 110 |
2 |
|
|a Graphische Sammlung Albertina.
|
| 245 |
1 |
4 |
|a Das Zeitalter Albrecht Durers ;
|b Werke aus dem Besitz der Albertina.
|
| 264 |
|
1 |
|a [New York] :
|b Arno/Worldwide,
|c [1968]
|
| 300 |
|
|
|a 108 pages, 32 unnumbered pages :
|b 42 illustrations ;
|c 21 cm.
|
| 336 |
|
|
|a text
|b txt
|2 rdacontent
|
| 337 |
|
|
|a unmediated
|b n
|2 rdamedia
|
| 338 |
|
|
|a volume
|b nc
|2 rdacarrier
|
| 490 |
1 |
|
|a Die Kunst der Graphik,
|v [2]
|
| 500 |
|
|
|a At head of title: Graphische Sammlung Albertina.
|
| 500 |
|
|
|a Catalog, by A. Strobl of the exhibition held June 3-Oct. 18, l964.
|
| 500 |
|
|
|a Reprint of the edition published in Vienna by Graphische Sammlung Albertina in 1964.
|
| 504 |
|
|
|a Bibliographical references included in "Abkurzungsverzeichnis" pages 17-18.
|
| 600 |
1 |
0 |
|a Dürer, Albrecht,
|d 1471-1528
|x Influence.
|
| 650 |
|
0 |
|a Prints, European
|v Exhibitions.
|
| 700 |
1 |
|
|a Strobl, Alice.
|
| 830 |
|
0 |
|a Kunst der Graphik ;
|v 2.
|
| 999 |
|
|
|a MARS
|
| 999 |
f |
f |
|s 67533304-5d94-36ee-948a-88f0953f9232
|i 35cf8345-5fd4-3d5a-aaa9-8590e8e6a130
|t 0
|
| 952 |
f |
f |
|p normal
|a Texas A&M University
|b College Station
|c Sterling C. Evans Library
|d Evans: Library Stacks
|t 0
|e NE625 .V5 1968
|h Library of Congress classification
|i unmediated -- volume
|m A14803493550
|
| 998 |
f |
f |
|a NE625 .V5 1968
|t 0
|l Evans: Library Stacks
|